<?xml version="1.0" encoding="UTF-8"?><?xml-stylesheet type="text/xsl" href="static/style.xsl"?><OAI-PMH xmlns="http://www.openarchives.org/OAI/2.0/" xmlns:xsi="http://www.w3.org/2001/XMLSchema-instance" xsi:schemaLocation="http://www.openarchives.org/OAI/2.0/ http://www.openarchives.org/OAI/2.0/OAI-PMH.xsd"><responseDate>2026-04-27T08:20:32Z</responseDate><request verb="GetRecord" identifier="oai:uvadoc.uva.es:10324/16902" metadataPrefix="marc">https://uvadoc.uva.es/oai/request</request><GetRecord><record><header><identifier>oai:uvadoc.uva.es:10324/16902</identifier><datestamp>2025-02-13T13:32:47Z</datestamp><setSpec>com_10324_30605</setSpec><setSpec>com_10324_894</setSpec><setSpec>col_10324_41</setSpec></header><metadata><record xmlns="http://www.loc.gov/MARC21/slim" xmlns:doc="http://www.lyncode.com/xoai" xmlns:xsi="http://www.w3.org/2001/XMLSchema-instance" xmlns:dcterms="http://purl.org/dc/terms/" xsi:schemaLocation="http://www.loc.gov/MARC21/slim http://www.loc.gov/standards/marcxml/schema/MARC21slim.xsd">
<leader>00925njm 22002777a 4500</leader>
<datafield tag="042" ind1=" " ind2=" ">
<subfield code="a">dc</subfield>
</datafield>
<datafield tag="720" ind1=" " ind2=" ">
<subfield code="a">González Herrero, Diego</subfield>
<subfield code="e">author</subfield>
</datafield>
<datafield tag="260" ind1=" " ind2=" ">
<subfield code="c">2016</subfield>
</datafield>
<datafield tag="520" ind1=" " ind2=" ">
<subfield code="a">A pesar de los avances de los últimos años en el cálculo de espectros de ensanchamiento Stark, todavía hay&#xd;
ciertos asuntos que siguen sin resolverse. Uno de estos es el escalado de las líneas espectrales con la carga del&#xd;
emisor en las series isoelectrónicas.&#xd;
Incluso a día de hoy, que se conocen numerosos métodos para calcular cualquier línea espectral, este tipo de&#xd;
asuntos resultan muy interesantes. La estructura atómica de los emisores de una serie isoelectrónica tienen la&#xd;
misma estructura de niveles, por lo que cabría esperar algún tipo de regularidad en todas las líneas espectrales&#xd;
de la misma serie. Si se encontrara una sistemática en la forma de las líneas, bastaría calcular unos pocos&#xd;
elementos de la serie y extrapolar al resto.&#xd;
Según los modelos teóricos, el ensanchamiento de las líneas debería ser proporcional a la sección eficaz del&#xd;
emisor, que es proporcional al inverso del cuadrado de la carga del emisor. Sin embargo las medidas&#xd;
experimentales no muestran esta tendencia que predice el modelo semiclásico.</subfield>
</datafield>
<datafield tag="024" ind2=" " ind1="8">
<subfield code="a">http://uvadoc.uva.es/handle/10324/16902</subfield>
</datafield>
<datafield tag="024" ind2=" " ind1="8">
<subfield code="a">b1736232</subfield>
</datafield>
<datafield tag="024" ind2=" " ind1="8">
<subfield code="a">10.35376/10324/16902</subfield>
</datafield>
<datafield ind1=" " ind2=" " tag="653">
<subfield code="a">Dinámica molecular</subfield>
</datafield>
<datafield ind1=" " ind2=" " tag="653">
<subfield code="a">Análisis espectral</subfield>
</datafield>
<datafield ind1=" " ind2=" " tag="653">
<subfield code="a">Plasma (Gases ionizados)</subfield>
</datafield>
<datafield tag="245" ind1="0" ind2="0">
<subfield code="a">Estudio del ensanchamiento Stark en la transición 3s-3p en la serie isoelectrónica del berilio: simulaciones de dinámica molecular</subfield>
</datafield>
</record></metadata></record></GetRecord></OAI-PMH>